| Tag |
First Indicator |
Second Indicator |
Subfields |
| LEADER |
00000nam a2200000 4500 |
| 001 |
in00004188917 |
| 005 |
20200806080221.0 |
| 006 |
m g d |
| 007 |
cr bn |||a|bb| |
| 008 |
860220s1660 enk o 00 eng d |
| 035 |
|
|
|a (OCoLC)13173423
|
| 035 |
|
|
|a (UnM)99883030
|
| 037 |
|
|
|a CL2105000002
|b ProQuest Information and Learning. 300 N. Zeeb Rd., Ann Arbor, MI 48106
|
| 040 |
|
|
|a Cu-RivES
|c Cu-RivES
|d CStRLIN
|d Cu-RivES
|e dcrb
|
| 245 |
0 |
0 |
|a To both the Houses of Parliament, the General, and the officers of the Army. :
|b Westminster Pallace Yard, the 15th. day of the 3d. month, 1660.
|
| 260 |
|
|
|a [London :
|b publisher not identified,
|c 1660]
|
| 300 |
|
|
|a 1 online resource (1 sheet ([1] pages).
|
| 336 |
|
|
|a text
|b txt
|2 rdacontent
|
| 337 |
|
|
|a computer
|b c
|2 rdamedia
|
| 338 |
|
|
|a online resource
|b cr
|2 rdacarrier
|
| 500 |
|
|
|a Signed at end: Thomas Salthouse [and 11 others].
|
| 500 |
|
|
|a Imprint from Wing.
|
| 500 |
|
|
|a Reproduction of original in the British Library.
|
| 510 |
4 |
|
|a Wing (CD-ROM, 1996)
|c T1336B
|
| 510 |
4 |
|
|a Early English books tract supplement interim guide
|c 855.f.3[6]
|
| 533 |
|
|
|a Electronic reproduction.
|b Ann Arbor, Mich. :
|c UMI,
|d 1999-
|f (Early English books online)
|n Digital version of: (Early English books; Tract supplement ; B9:1[8])
|7 s1999 miun s
|
| 650 |
|
0 |
|a Quakers
|z England
|z London
|v Early works to 1800.
|
| 650 |
|
0 |
|a Persecution
|z England
|z London
|v Early works to 1800.
|
| 650 |
|
0 |
|a Society of Friends
|z England
|v Early works to 1800.
|
| 700 |
1 |
|
|a Salthouse, Thomas,
|d 1630-1691.
|
| 710 |
1 |
|
|a England and Wales.
|b Parliament.
|
| 830 |
|
0 |
|a Early English books online.
|
| 856 |
4 |
0 |
|u http://proxy.library.tamu.edu/login?url=https://search.proquest.com/docview/2264203347
|z Connect to the full text of this electronic book
|t 0
|
| 999 |
f |
f |
|s d58310de-d93a-376e-9899-1920817bfe5a
|i ed40957b-75e9-3492-976d-47bb1be21542
|t 0
|
| 952 |
f |
f |
|a Texas A&M University
|b College Station
|c Electronic Resources
|d Available Online
|t 0
|h No information provided
|
| 998 |
f |
f |
|t 0
|l Available Online
|